Asuntos económicos : (Record no. 8446)

000 -CABECERA
fixed length control field 01053nam a22002417a 4500
003 - IDENTIFICADOR DEL NÚMERO DE CONTROL
control field AR-CdUCM
008 - DATOS DE LONGITUD FIJA--INFORMACIÓN GENERAL
fixed length control field 190325b ||||| |||| 00| 0 spa d
040 ## - FUENTE DE LA CATALOGACIÓN
Agencia/entidad que catalogó originalmente la obra MUNICIPALIDAD PROVINCIAL DEL CUSCO
Entidad que transcribió la catalogación BIBLIOTECA MUNICIPAL DEL CUSCO
082 ## - NÚMERO DE LA CLASIFICACIÓN DECIMAL DEWEY
No. de Clasificación 985.008 /
Notacion interna C73
100 ## - ENTRADA PRINCIPAL--NOMBRE DE PERSONA
Nombre Personal Comisión nacional del sesquicentenario de la independencia del Perú.
245 ## - MENCIÓN DE TÍTULO
Título Asuntos económicos :
Resto del título Informes y oficios del tribunal del consulado /
260 ## - PUBLICACIÓN, DISTRIBUCIÓN, ETC.
Lugar de publicación, distribución, etc. Lima :
Nombre de la editorial, distribuidor, etc. Comisión nacional del sesquicentenario de la independencia del Perú,
Fecha de publicación, distribución, etc. 1971.
300 ## - DESCRIPCIÓN FÍSICA
Nº de Páginas Extensión 456 páginas ;
Dimensiones 24 cm.
440 ## - MENCIÓN DE SERIE/PUNTO DE ACCESO ADICIONAL--TÍTULO
Título Colección documental de la independencia del Perú
9 (RLIN) 21856
505 ## - NOTA DE CONTENIDO CON FORMATO
Nota de contenido formateada Contenido: V.1: Nuevo gobierno , Lima independencia -- Cupo de 150,000 pesos para auxilio del estado -- Documentos complementarios.
650 ## - PUNTO DE ACCESO ADICIONAL DE MATERIA--TÉRMINO DE MATERIA
Descriptor Economía en la independencia
9 (RLIN) 23703
650 ## - PUNTO DE ACCESO ADICIONAL DE MATERIA--TÉRMINO DE MATERIA
Descriptor Perú
9 (RLIN) 35
650 ## - PUNTO DE ACCESO ADICIONAL DE MATERIA--TÉRMINO DE MATERIA
Descriptor Nuevo gobierno
9 (RLIN) 23704
650 ## - PUNTO DE ACCESO ADICIONAL DE MATERIA--TÉRMINO DE MATERIA
Descriptor Consulado peruano
9 (RLIN) 23705
700 ## - PUNTO DE ACCESO ADICIONAL--NOMBRE DE PERSONA
Nombre Personal Tauro, Alberto (edición y prólogo)
9 (RLIN) 23706
942 ## - ELEMENTOS DE PUNTO DE ACCESO ADICIONAL (KOHA)
Fuente de clasificación
Tipo de item Libros-BMC
945 ## - PROCESAMIENTO DE INFORMACIÓN LOCAL (OCLC)
Catalogador davv
Holdings
Estado de retiro (separado) Fuente de clasificación o esquema de estanterías Estado dañado Ubicación Sala donde se ubica Nombre de la colección Fecha de adquisición o compra Costo, precio normal en soles Signatura topográfica Código de Barras Última vez visto (Koha) Tipo de ítem (Koha) Número de Ejemplar
No     Sala Humanidades Sala Humanidades Reference 2019-03-25 80.00 985.008 / C73 / t.21 / v.1 SH0000009141 2019-03-25 Libros-BMC  
No     Sala Humanidades Sala Humanidades Reference 2019-03-25 80.00 985.008 / C73 / t.21 / v.1 / e.2 SH0000009142 2019-03-25 Libros-BMC e.2
No     Sala Humanidades Sala Humanidades Reference 2019-03-25 80.00 985.008 / C73 / t.21 / v.1 / e.3 SH0000009143 2019-03-25 Libros-BMC e.3

Powered by Koha